[Event "Titled Tue 26th Aug Early"]
[Site "chess.com INT"]
[Date "2025.08.26"]
[Round "3"]
[White "Piesik, Piotr"]
[Black "Zlatin, Alexander"]
[Result "1-0"]
[WhiteTitle "IM"]
[BlackTitle "FM"]
[WhiteElo "2427"]
[BlackElo "2264"]
[WhiteFideId "1136194"]
[BlackFideId "2810549"]
[EventDate "2025.08.26"]

1. Nf3 d5 2. g3 c6 3. Bg2 Nf6 4. O-O Bg4 5. d3 Qc8 6. Nbd2 Bh3 7. e4 Bxg2 8.
Kxg2 e6 9. Qe2 Be7 10. a4 Na6 11. Nb3 dxe4 12. dxe4 Nc5 13. Nxc5 Bxc5 14. Bg5
Nd7 15. e5 h6 16. Bd2 Qc7 17. Rfe1 O-O-O 18. b4 Be7 19. c4 g5 20. h3 f5 21. exf6
Bxf6 22. Ra3 e5 23. Bc3 Rhf8 24. Nd2 Be7 25. Ne4 a5 26. c5 axb4 27. Bxb4 Nf6 28.
Nd6+ Bxd6 29. cxd6 Qb6 30. d7+ Nxd7 31. Bxf8 Rxf8 32. Rf3 Re8 33. Rf7 Qb3 34.
Qf3 e4 35. Qxb3 1-0

[Event "Titled Tue 26th Aug Early"]
[Site "chess.com INT"]
[Date "2025.08.26"]
[Round "3"]
[White "Southcott-Moyers, Indy"]
[Black "Brzezina, Pawel"]
[Result "1-0"]
[WhiteTitle "FM"]
[BlackTitle "CM"]
[WhiteElo "2276"]
[BlackElo "2128"]
[WhiteFideId "488542"]
[BlackFideId "21078866"]
[EventDate "2025.08.26"]

1. Nf3 Nf6 2. c4 c5 3. Nc3 d5 4. cxd5 Nxd5 5. e3 Nc6 6. Bb5 Nc7 7. Bxc6+ bxc6 8.
O-O e6 9. d3 Bd6 10. Qc2 O-O 11. Ne4 Qe7 12. Nfd2 Ba6 13. Nc4 Nb5 14. Ncxd6 Nxd6
15. Qxc5 Rfd8 16. Rd1 Qc7 17. Nxd6 Qxd6 18. Qxd6 Rxd6 19. d4 c5 20. Bd2 cxd4 21.
exd4 Rxd4 22. Bc3 Rxd1+ 23. Rxd1 Bc4 24. a3 Bd5 25. Rd4 a6 26. f4 Rc8 27. f5 Rc4
28. Rd2 Rc6 29. fxe6 fxe6 30. h3 Rc4 31. Rd3 Re4 32. Rg3 g6 33. Rd3 Rc4 34. Kh2
Re4 35. Rd2 Rc4 36. Rf2 Re4 37. Bb4 Kg7 38. Bf8+ Kg8 39. Bh6 1-0

[Event "Titled Tue 26th Aug Early"]
[Site "chess.com INT"]
[Date "2025.08.26"]
[Round "3"]
[White "Bologan, Victor"]
[Black "Troltenier, Dirk"]
[Result "1-0"]
[WhiteTitle "GM"]
[BlackTitle "FM"]
[WhiteElo "2601"]
[BlackElo "2162"]
[WhiteFideId "13900048"]
[BlackFideId "4606400"]
[EventDate "2025.08.26"]

1. e4 e5 2. Nf3 d6 3. g3 Nf6 4. Nc3 g6 5. Bg2 Bg7 6. O-O O-O 7. d4 Nc6 8. d5 Nb8
9. a4 c6 10. Bg5 h6 11. Bxf6 Qxf6 12. Nd2 Na6 13. Nc4 Rd8 14. a5 Nb4 15. Re1 c5
16. Nb5 a6 17. Nba3 b5 18. Nb6 Rb8 19. Nxc8 c4 20. Nb6 Qe7 21. Bf1 f5 22. c3 Nd3
23. Bxd3 cxd3 24. Qxd3 Rf8 25. c4 f4 26. cxb5 axb5 27. Nxb5 f3 28. Re3 1-0

[Event "Titled Tue 26th Aug Early"]
[Site "chess.com INT"]
[Date "2025.08.26"]
[Round "3"]
[White "Henriquez Villagra, Cristobal"]
[Black "Zdorov, Egor Vit"]
[Result "1-0"]
[WhiteTitle "GM"]
[BlackTitle "CM"]
[WhiteElo "2592"]
[BlackElo "2094"]
[WhiteFideId "3409350"]
[BlackFideId "55688560"]
[EventDate "2025.08.26"]

1. e4 e5 2. Nf3 Nc6 3. g3 Nf6 4. d3 d5 5. exd5 Nxd5 6. Bg2 Be7 7. O-O O-O 8. Re1
f6 9. d4 Bg4 10. h3 Bxf3 11. Qxf3 Nb6 12. d5 Nb4 13. Qb3 a5 14. d6+ Kh8 15. dxe7
Qxe7 16. a3 Nc6 17. Be3 a4 18. Qd3 Rad8 19. Qe2 Nd4 20. Bxd4 Rxd4 21. c3 Rd6 22.
Nd2 Rfd8 23. Nc4 Nxc4 24. Qxc4 c6 25. Qxa4 Rd2 26. Rad1 Rxb2 27. Rxd8+ Qxd8 28.
Rd1 Qf8 29. Qh4 h6 30. Be4 Re2 31. Qg4 Ra2 32. Qg6 Kg8 33. Bf5 Rxa3 34. Rd7 Ra1+
35. Kg2 1-0

[Event "Titled Tue 26th Aug Early"]
[Site "chess.com INT"]
[Date "2025.08.26"]
[Round "3"]
[White "Ljukin, Sergei"]
[Black "Kalyani Sirin"]
[Result "1-0"]
[WhiteTitle "FM"]
[BlackTitle "WFM"]
[WhiteElo "2362"]
[BlackElo "2162"]
[WhiteFideId "14102200"]
[BlackFideId "33323500"]
[EventDate "2025.08.26"]

1. e4 e5 2. Nf3 Nc6 3. Bb5 f5 4. d3 fxe4 5. dxe4 Nf6 6. O-O Bc5 7. Bc4 d6 8. Nc3
Bg4 9. Qd3 Qe7 10. a3 a6 11. h3 Bh5 12. Ng5 h6 13. Ne6 Ba7 14. Be3 Rh7 15. Nd5
Nxd5 16. exd5 Rh8 17. dxc6 b5 18. Bd5 g5 19. c4 bxc4 20. Qxc4 1-0

[Event "Titled Tue 26th Aug Early"]
[Site "chess.com INT"]
[Date "2025.08.26"]
[Round "3"]
[White "Pribelszky, Bence"]
[Black "Iskusnyh, Sergei"]
[Result "1-0"]
[WhiteTitle "IM"]
[BlackTitle "GM"]
[WhiteElo "2428"]
[BlackElo "2440"]
[WhiteFideId "769738"]
[BlackFideId "4120027"]
[EventDate "2025.08.26"]

1. e4 e6 2. d4 d5 3. Nc3 Nf6 4. e5 Nfd7 5. f4 c5 6. Nf3 Nc6 7. Be3 a6 8. Ne2 Qb6
9. Qc1 Be7 10. c3 O-O 11. h4 f6 12. h5 h6 13. Rh3 Rf7 14. Kf2 fxe5 15. fxe5
Ndxe5 16. dxe5 Nxe5 17. Kg1 Nxf3+ 18. Rxf3 Rxf3 19. gxf3 e5 20. Ng3 d4 21. Bf2
Qf6 22. cxd4 exd4 23. Bc4+ Kh8 24. Bd5 Qe5 25. Be4 Bg5 26. Qc4 Be6 27. Qa4 Bf4
28. Kg2 Rf8 29. Re1 Qg5 30. Bxb7 Qf6 31. Qxa6 c4 32. Qxe6 Qd8 33. Be4 Rf6 34.
Qxc4 1-0

[Event "Titled Tue 26th Aug Early"]
[Site "chess.com INT"]
[Date "2025.08.26"]
[Round "3"]
[White "Saydaliev, Saidakbar"]
[Black "Carroll, Peter"]
[Result "1-0"]
[WhiteTitle "IM"]
[BlackTitle "FM"]
[WhiteElo "2455"]
[BlackElo "2167"]
[WhiteFideId "14203693"]
[BlackFideId "2510243"]
[EventDate "2025.08.26"]

1. a4 e5 2. e4 Nf6 3. Nc3 Bb4 4. Bc4 c6 5. Nge2 O-O 6. Bb3 d5 7. exd5 cxd5 8. d4
exd4 9. Nxd4 Re8+ 10. Be3 Ne4 11. Ne2 Bg4 12. Qxd5 Qxd5 13. Bxd5 Bxe2 14. Bxe4
Bxc3+ 15. bxc3 Rxe4 16. Kxe2 Nc6 17. Rhd1 Rc8 18. a5 Rc4 19. Ra3 h5 20. Rd7 Ne5
21. Rxb7 Rxc3 22. Rxc3 Rxc3 23. Bd4 Rxc2+ 24. Kd1 Rb2 25. Rxb2 1-0

[Event "Titled Tue 26th Aug Early"]
[Site "chess.com INT"]
[Date "2025.08.26"]
[Round "3"]
[White "Rakhmatullaev, Almas"]
[Black "Droin, Augustin"]
[Result "0-1"]
[WhiteTitle "IM"]
[BlackTitle "IM"]
[WhiteElo "2390"]
[BlackElo "2481"]
[WhiteFideId "14205793"]
[BlackFideId "45105987"]
[EventDate "2025.08.26"]

1. b4 Nf6 2. Bb2 e6 3. a3 a5 4. b5 d5 5. e3 c5 6. g4 h6 7. h4 Nbd7 8. Bg2 b6 9.
g5 hxg5 10. hxg5 Rxh1 11. Bxh1 Ne4 12. Bxe4 dxe4 13. Qg4 Bb7 14. Nc3 Ne5 15. Qg2
Nc4 16. O-O-O Qd7 17. a4 Be7 18. Nxe4 Nxb2 19. Kxb2 c4 20. d3 Qd5 21. Ne2 cxd3
22. N2c3 Qc4 23. Rxd3 Rc8 24. g6 Qb4+ 25. Kc1 Rxc3 26. gxf7+ Kf8 27. Rxc3 Qxc3
28. Qg6 Qe1+ 0-1

[Event "Titled Tue 26th Aug Early"]
[Site "chess.com INT"]
[Date "2025.08.26"]
[Round "3"]
[White "Gutierrez Carmona, Juan Alejandro"]
[Black "Ocampos, Ian"]
[Result "0-1"]
[WhiteTitle "FM"]
[WhiteElo "2036"]
[BlackElo "2195"]
[WhiteFideId "5106770"]
[BlackFideId "117544"]
[EventDate "2025.08.26"]

1. Nf3 g6 2. e4 Bg7 3. d4 d5 4. exd5 Qxd5 5. Nc3 Qa5 6. Bc4 Nf6 7. Bd2 c6 8. Nd5
Qd8 9. Nxf6+ exf6 10. Qe2+ Qe7 11. Qxe7+ Kxe7 12. O-O-O Bg4 13. Rhe1+ Be6 14. d5
cxd5 15. Bxd5 Nc6 16. Bxc6 bxc6 17. Bb4+ Ke8 18. Nd4 Bh6+ 19. Kb1 Rd8 20. Nxc6
Rxd1+ 21. Rxd1 Bd7 22. Nxa7 Bf8 23. Re1+ Kd8 24. Bxf8 Rxf8 25. b4 Kc7 26. c4 Rb8
27. a3 Rb7 28. Re7 Rxa7 29. Rxf7 Kd6 30. Rxh7 Bf5+ 31. Kb2 Rxh7 32. h3 Re7 33.
g4 Re2+ 34. Kc3 Be6 35. f4 Re3+ 36. Kd4 Rxa3 37. f5 gxf5 38. gxf5 Bxf5 39. h4
Rd3# 0-1

[Event "Titled Tue 26th Aug Early"]
[Site "chess.com INT"]
[Date "2025.08.26"]
[Round "3"]
[White "Punin, Andrii"]
[Black "Romero Ruscalleda, Josep"]
[Result "1-0"]
[WhiteTitle "FM"]
[BlackTitle "FM"]
[WhiteElo "2289"]
[BlackElo "2110"]
[WhiteFideId "14112639"]
[BlackFideId "2231859"]
[EventDate "2025.08.26"]

1. e4 g6 2. Be2 Bg7 3. f4 c5 4. Nf3 Nc6 5. c3 d6 6. O-O Nf6 7. d3 O-O 8. Kh1 e5
9. fxe5 dxe5 10. c4 Bg4 11. Nc3 Bxf3 12. Rxf3 Nd4 13. Rh3 Qd7 14. Bg5 b6 15. Qd2
Ng4 16. Bxg4 Qxg4 17. Bh6 Ne6 18. Nd5 f5 19. exf5 gxf5 20. Bxg7 Nxg7 21. Qh6
Rad8 22. Rg3 Qxg3 23. hxg3 1-0

[Event "Titled Tue 26th Aug Early"]
[Site "chess.com INT"]
[Date "2025.08.26"]
[Round "3"]
[White "Shimanov, Aleksandr"]
[Black "Alcazar Jimenez, Jesus Alberto"]
[Result "1-0"]
[WhiteTitle "GM"]
[BlackTitle "FM"]
[WhiteElo "2578"]
[BlackElo "2172"]
[WhiteFideId "4198603"]
[BlackFideId "2209756"]
[EventDate "2025.08.26"]

1. e4 c5 2. d4 cxd4 3. Qxd4 Nc6 4. Qd3 Nf6 5. Nc3 d6 6. Nf3 Bg4 7. Be2 e6 8. Bf4
Be7 9. O-O-O e5 10. Bg5 Bxf3 11. Bxf3 Nd4 12. Bxf6 Bxf6 13. Nd5 O-O 14. c3 Rc8
15. Kb1 Nxf3 16. Qxf3 Bg5 17. h4 Be7 18. g4 Qd7 19. g5 Qe6 20. Rhg1 Rce8 21. Nc7
Qc4 22. Nxe8 Rxe8 23. h5 b5 24. Rd5 a5 25. Qd3 Qxd3+ 26. Rxd3 Rb8 27. Rd5 Kf8
28. Kc2 Ke8 29. a4 b4 30. Rxa5 bxc3 31. bxc3 Kd7 32. Rb5 Rc8 33. a5 Rc4 34. Kb3
Rxe4 35. a6 1-0

[Event "Titled Tue 26th Aug Early"]
[Site "chess.com INT"]
[Date "2025.08.26"]
[Round "3"]
[White "Petrenko, Maryna"]
[Black "Tica, Sven"]
[Result "0-1"]
[WhiteTitle "WFM"]
[BlackTitle "IM"]
[WhiteElo "1972"]
[BlackElo "2442"]
[WhiteFideId "14197820"]
[BlackFideId "14526948"]
[EventDate "2025.08.26"]

1. d4 g6 2. c4 Bg7 3. Nf3 d6 4. g3 Nd7 5. Bg2 e5 6. Nc3 Ne7 7. d5 O-O 8. O-O h6
9. e4 f5 10. Ne1 f4 11. Nd3 g5 12. b4 Nf6 13. Bd2 Ng6 14. f3 h5 15. c5 b6 16.
Rc1 bxc5 17. bxc5 Ba6 18. Qc2 g4 19. Rf2 gxf3 20. Bxf3 Ng4 21. Bxg4 hxg4 22. Nb4
Bc8 23. cxd6 cxd6 24. Nc6 Qg5 25. Nb5 Qh5 26. Nxd6 fxg3 27. Rxf8+ Bxf8 28. hxg3
Bxd6 29. Be1 Qh3 30. Bc3 Ba6 31. Qf2 Rf8 32. Qg2 Qxg2+ 33. Kxg2 Bd3 34. Re1 a6
35. Na5 Rf3 36. Nb7 Bb8 37. d6 Nf8 38. Bb4 Bb5 39. Nc5 Bxd6 0-1

[Event "Titled Tue 26th Aug Early"]
[Site "chess.com INT"]
[Date "2025.08.26"]
[Round "3"]
[White "Morris, James"]
[Black "Tureshbayev, Anuar"]
[Result "1-0"]
[WhiteTitle "IM"]
[BlackTitle "CM"]
[WhiteElo "2416"]
[BlackElo "2214"]
[WhiteFideId "3205800"]
[BlackFideId "651081709"]
[EventDate "2025.08.26"]

1. e4 c5 2. Nc3 d6 3. f4 g6 4. Nf3 Bg7 5. Bc4 Nc6 6. d3 e6 7. a3 Nge7 8. Ba2 O-O
9. O-O d5 10. Qe1 Rb8 11. Qh4 b5 12. f5 exf5 13. Bh6 fxe4 14. Ng5 Nf5 15. Rxf5
Bxf5 16. Bxg7 Kxg7 17. Qxh7+ Kf6 18. Nxd5+ Ke5 19. Qh4 Kd6 20. Qg3+ Kd7 21. dxe4
Be6 22. c3 c4 23. Rd1 Kc8 24. a4 a6 25. axb5 axb5 26. b3 Qa5 27. bxc4 Qxa2 28.
Qc7# 1-0

[Event "Titled Tue 26th Aug Early"]
[Site "chess.com INT"]
[Date "2025.08.26"]
[Round "3"]
[White "Pournami S"]
[Black "Williams, Simon K"]
[Result "0-1"]
[WhiteTitle "WCM"]
[BlackTitle "GM"]
[WhiteElo "1753"]
[BlackElo "2444"]
[WhiteFideId "25732439"]
[BlackFideId "404454"]
[EventDate "2025.08.26"]

1. e4 d6 2. d4 Nf6 3. Bd3 e5 4. c3 Nbd7 5. Ne2 g6 6. O-O Bg7 7. f4 O-O 8. h3 c6
9. Be3 Re8 10. Nd2 a5 11. a4 exd4 12. cxd4 Nxe4 13. Nxe4 d5 14. Bf2 dxe4 15. Bc4
Nb6 16. Ba2 Nd5 17. Nc3 e3 18. Nxd5 cxd5 19. Bxe3 Rxe3 20. Qd2 Re4 21. Rad1 h5
22. Kh1 Bf5 23. Qf2 Qd7 24. Bb1 Re7 25. Ba2 Rae8 26. Rfe1 Rxe1+ 27. Rxe1 Rxe1+
28. Qxe1 Be4 29. Qe3 Bxd4 30. Qg3 Bxb2 0-1

[Event "Titled Tue 26th Aug Early"]
[Site "chess.com INT"]
[Date "2025.08.26"]
[Round "3"]
[White "Sakhayi, Mostafa"]
[Black "Grutter, Tim"]
[Result "0-1"]
[WhiteTitle "CM"]
[BlackTitle "IM"]
[WhiteElo "2166"]
[BlackElo "2402"]
[WhiteFideId "12512532"]
[BlackFideId "1057472"]
[EventDate "2025.08.26"]

1. d4 a6 2. e4 g6 3. f4 Bg7 4. Nf3 b5 5. a4 bxa4 6. Rxa4 Bb7 7. Bd3 d6 8. O-O
Nd7 9. c3 c5 10. Be3 Ngf6 11. Nbd2 Ng4 12. Qe1 Nxe3 13. Qxe3 O-O 14. Rfa1 cxd4
15. cxd4 a5 16. Nc4 Nb6 17. Nxb6 Qxb6 18. Qf2 Bc6 19. R4a3 Bd7 20. R1a2 Rfb8 21.
b3 Bg4 22. d5 Qb4 23. h3 Bxf3 24. Qxf3 Qe1+ 25. Kh2 Bd4 26. Qf1 Qe3 27. Qf3 Qg1+
28. Kg3 Bc5 29. Rxa5 Rxa5 30. Rxa5 Qe1+ 0-1

[Event "Titled Tue 26th Aug Early"]
[Site "chess.com INT"]
[Date "2025.08.26"]
[Round "3"]
[White "Turcsanyi, Vince Gergo"]
[Black "Kvaloy, Aksel Bu"]
[Result "0-1"]
[WhiteTitle "FM"]
[BlackTitle "IM"]
[WhiteElo "2297"]
[BlackElo "2490"]
[WhiteFideId "791784"]
[BlackFideId "1528815"]
[EventDate "2025.08.26"]

1. e4 e6 2. d4 d5 3. Nd2 c5 4. exd5 Qxd5 5. Ngf3 cxd4 6. Bc4 Qd6 7. O-O Nf6 8.
Nb3 Nc6 9. Nbxd4 Nxd4 10. Qxd4 Qxd4 11. Nxd4 Bd7 12. c3 Bc5 13. Nb3 Bb6 14. Bf4
O-O-O 15. Be5 Bc7 16. Bxc7 Kxc7 17. Rad1 Bc6 18. Nd4 a5 19. Nb5+ Bxb5 20. Bxb5
Nd5 21. Bc4 Nb6 22. Bb3 Rd7 23. f3 Rhd8 24. Kf2 a4 25. Rxd7+ Rxd7 26. Bd1 Rd2+
27. Kg3 Rxb2 28. Rf2 Rxf2 29. Kxf2 Kd6 30. Ke3 Kc5 31. Kd3 g5 32. g3 a3 33. Bb3
Nd7 34. Ke4 b5 35. h4 gxh4 36. gxh4 b4 37. cxb4+ Kxb4 38. f4 Nc5+ 39. Ke5 Nxb3
40. Kf6 Nc1 41. Kxf7 Nxa2 42. Kxe6 Nc3 43. f5 Ne4 44. Ke5 a2 45. Kxe4 a1=Q 46.
Kf4 Qf6 0-1

[Event "Titled Tue 26th Aug Early"]
[Site "chess.com INT"]
[Date "2025.08.26"]
[Round "3"]
[White "Cuellar Montes, Alejandro"]
[Black "Ugarte Soto, Cesar"]
[Result "1-0"]
[WhiteTitle "CM"]
[BlackTitle "CM"]
[WhiteElo "2155"]
[BlackElo "2088"]
[WhiteFideId "32096836"]
[BlackFideId "3601331"]
[EventDate "2025.08.26"]

1. d4 d5 2. c4 e6 3. Nc3 Nf6 4. cxd5 Nxd5 5. e4 Nxc3 6. bxc3 c5 7. Rb1 cxd4 8.
cxd4 Nc6 9. Bb5 Bd7 10. Ne2 Bb4+ 11. Bd2 Bxd2+ 12. Qxd2 O-O 13. O-O b6 14. f4
Na5 15. Bd3 Rc8 16. Rfc1 Qe7 17. Qe3 Rxc1+ 18. Rxc1 Rc8 19. e5 Qd8 20. Ng3 g6
21. Ne4 Kg7 22. Nf6 Rxc1+ 23. Qxc1 Bc6 24. Qe3 Bd5 25. f5 exf5 26. Qg5 Qa8 27.
Bxf5 Bxg2 28. e6 fxe6 29. Nh5+ Kf8 30. Qf6+ Ke8 31. Ng7+ Kd7 32. Bxe6+ Kc7 33.
Qe7+ 1-0

[Event "Titled Tue 26th Aug Early"]
[Site "chess.com INT"]
[Date "2025.08.26"]
[Round "3"]
[White "Fronda, Jan Jodilyn"]
[Black "Alazmi, Amani"]
[Result "1-0"]
[WhiteTitle "WIM"]
[BlackTitle "WCM"]
[WhiteElo "2115"]
[BlackElo "1745"]
[WhiteFideId "5204585"]
[BlackFideId "10303553"]
[EventDate "2025.08.26"]

1. e4 c5 2. Nf3 g6 3. d4 cxd4 4. Qxd4 Nf6 5. Nc3 Nc6 6. Qa4 d6 7. Bg5 Bg7 8.
O-O-O Qb6 9. Be3 Qb4 10. Qxb4 Nxb4 11. Nb5 Na6 12. Bd3 O-O 13. Nxa7 Nb4 14. a3
Nxd3+ 15. cxd3 Ng4 16. Nxc8 Rfxc8+ 17. Kb1 Nxe3 18. fxe3 Rc6 19. Nd4 Rb6 20. Ka2
Bh6 21. Rhe1 Bg7 22. Rc1 Be5 23. g3 Rb4 24. Nb3 Rb6 25. d4 Bg7 26. Rc7 e6 27.
Rec1 Bh6 28. Rc8+ Rxc8 29. Rxc8+ Kg7 30. Rc3 Kf8 31. Nd2 Bg5 32. b4 h5 33. Kb3
Kg7 34. a4 Kf8 35. b5 Ke7 36. Nc4 Rxb5+ 37. axb5 d5 38. exd5 exd5 39. Ne5 Kf6
40. Rc7 1-0

[Event "Titled Tue 26th Aug Early"]
[Site "chess.com INT"]
[Date "2025.08.26"]
[Round "3"]
[White "Donoso Aguirre, Maximiliano"]
[Black "Sarkar, Justin"]
[Result "1-0"]
[WhiteTitle "CM"]
[BlackTitle "IM"]
[WhiteElo "1978"]
[BlackElo "2286"]
[WhiteFideId "3458920"]
[BlackFideId "2010011"]
[EventDate "2025.08.26"]

1. e4 e5 2. Nf3 Nc6 3. Bc4 f5 4. d4 exd4 5. Nxd4 Ne5 6. Bxg8 Rxg8 7. Nxf5 d5 8.
Qh5+ g6 9. Qxh7 Be6 10. Nd4 Bf7 11. O-O dxe4 12. Nb3 Qf6 13. Qh3 Rh8 14. Qe3
Rxh2 15. Qxe4 Qh8 16. f4 O-O-O 17. fxe5 Rh1+ 18. Kf2 Rxf1+ 19. Kxf1 Qh1+ 20. Kf2 1-0

[Event "Titled Tue 26th Aug Early"]
[Site "chess.com INT"]
[Date "2025.08.26"]
[Round "3"]
[White "Bachmann, Axel"]
[Black "Buscar, Michael"]
[Result "1-0"]
[WhiteTitle "GM"]
[WhiteElo "2578"]
[BlackElo "2015"]
[WhiteFideId "3700488"]
[BlackFideId "2603616"]
[EventDate "2025.08.26"]

1. c4 e6 2. Nf3 Nf6 3. Nc3 b6 4. Qc2 Bb7 5. e4 d6 6. d4 Be7 7. Be2 O-O 8. O-O c5
9. d5 e5 10. a3 Nbd7 11. Ne1 Ne8 12. b4 g6 13. Rb1 Ng7 14. Nd3 f5 15. bxc5 dxc5
16. f4 Bf6 17. fxe5 Nxe5 18. Nxc5 Bc8 19. Nb3 Ng4 20. h3 Ne5 21. Nd4 Qd6 22. Be3
Qxa3 23. Ndb5 Qe7 24. d6 Qd7 25. Nd5 Bd8 26. Bd4 Nc6 27. Ba1 Bb7 28. Qc3 1-0

[Event "Titled Tue 26th Aug Early"]
[Site "chess.com INT"]
[Date "2025.08.26"]
[Round "3"]
[White "Setumadhav, Yellumahanthi"]
[Black "Smirnov, Mark"]
[Result "0-1"]
[WhiteTitle "FM"]
[BlackTitle "FM"]
[WhiteElo "2226"]
[BlackElo "2359"]
[WhiteFideId "25920669"]
[BlackFideId "13764594"]
[EventDate "2025.08.26"]

1. e4 Nc6 2. Nf3 d6 3. d4 Nf6 4. Nc3 g6 5. h3 Bg7 6. Be3 O-O 7. Qd2 d5 8. e5 Ne4
9. Nxe4 dxe4 10. Ng5 f5 11. Bc4+ Kh8 12. h4 f4 13. Bxf4 Qxd4 14. Nf7+ Kg8 15.
Nh6+ Kh8 16. Nf7+ Rxf7 17. Bxf7 Qxb2 18. Rd1 Bg4 19. h5 g5 20. h6 Bxe5 21. Bxe5+
Qxe5 22. Rc1 Rd8 23. Qe3 Nd4 24. O-O Ne2+ 25. Kh1 Rd6 0-1

[Event "Titled Tue 26th Aug Early"]
[Site "chess.com INT"]
[Date "2025.08.26"]
[Round "3"]
[White "Garcia Correa, Jose Ricardo"]
[Black "Baches Garcia, Guillermo"]
[Result "0-1"]
[WhiteTitle "FM"]
[BlackTitle "IM"]
[WhiteElo "2103"]
[BlackElo "2305"]
[WhiteFideId "5101832"]
[BlackFideId "2209764"]
[EventDate "2025.08.26"]

1. e4 e6 2. d4 d5 3. Nc3 Nf6 4. Bg5 h6 5. Bxf6 Qxf6 6. e5 Qd8 7. f4 c5 8. Nf3
Nc6 9. Qd2 Qb6 10. O-O-O cxd4 11. Nb5 Bc5 12. Nbxd4 Nxd4 13. Nxd4 O-O 14. c3 Bd7
15. g4 Rac8 16. Kb1 f6 17. exf6 Rxf6 18. h4 Bxd4 19. cxd4 Qd6 20. f5 exf5 21. g5
Rff8 22. Rg1 h5 23. g6 f4 24. Bd3 Bg4 25. Rdf1 Qf6 26. Bc2 Rc4 27. Bb3 Rxd4 28.
Bxd5+ Kh8 29. Qa5 Qf5+ 30. Ka1 Qxd5 31. Qxa7 Rd8 32. b3 Rd2 33. Rxf4 Qe5+ 0-1

[Event "Titled Tue 26th Aug Early"]
[Site "chess.com INT"]
[Date "2025.08.26"]
[Round "3"]
[White "Fikiet, Alex"]
[Black "Sie, Thu"]
[Result "1-0"]
[BlackTitle "FM"]
[WhiteElo "2151"]
[BlackElo "2122"]
[WhiteFideId "2052717"]
[BlackFideId "13002767"]
[EventDate "2025.08.26"]

1. e4 c5 2. d4 cxd4 3. c3 g6 4. Bc4 d3 5. Nf3 Bg7 6. O-O Nc6 7. Qb3 e6 8. Bxd3
Nge7 9. c4 O-O 10. Nc3 b6 11. Bf4 e5 12. Bg5 d6 13. h3 Qc7 14. Rac1 Be6 15. Nd5
Qd8 16. Qa4 h6 17. Bf6 Bxd5 18. Bxg7 Kxg7 19. cxd5 Na5 20. b4 Nb7 21. Ba6 Rb8
22. Rc3 f5 23. Nd2 Rf7 24. f3 f4 25. Rfc1 g5 26. Rc7 Ng6 27. Rxf7+ Kxf7 28. Qc6
Qe7 29. Nc4 h5 30. Bxb7 Rxb7 31. Qxb7 Qxb7 32. Nxd6+ Kf8 33. Nxb7 1-0

[Event "Titled Tue 26th Aug Early"]
[Site "chess.com INT"]
[Date "2025.08.26"]
[Round "3"]
[White "Karamsetty, Jeevan"]
[Black "Smieszek, Wojciech"]
[Result "1-0"]
[WhiteTitle "FM"]
[BlackTitle "CM"]
[WhiteElo "2244"]
[BlackElo "2141"]
[WhiteFideId "2025337"]
[BlackFideId "1156047"]
[EventDate "2025.08.26"]

1. e4 c5 2. Nc3 Nc6 3. Bb5 g6 4. Bxc6 dxc6 5. d3 Bg7 6. Be3 b6 7. Qd2 e5 8. Nge2
Be6 9. b3 Qd6 10. O-O Ne7 11. a4 a5 12. Bh6 Bxh6 13. Qxh6 O-O-O 14. f4 exf4 15.
Qxf4 f5 16. Qxd6 Rxd6 17. Nf4 Bf7 18. Rae1 Re8 19. e5 Rdd8 20. e6 Bg8 21. Re5 g5
22. Nh5 Ng6 23. Rexf5 Bxe6 24. Rxg5 Rf8 25. Re1 Rde8 26. Ne4 Kc7 27. Nhf6 Re7
28. Nxh7 Rxh7 29. Rxg6 Bd5 30. Ng5 Rf5 31. Nxh7 1-0

[Event "Titled Tue 26th Aug Early"]
[Site "chess.com INT"]
[Date "2025.08.26"]
[Round "3"]
[White "Musial, Igor"]
[Black "Osinovsky, Stepan"]
[Result "1-0"]
[WhiteTitle "FM"]
[BlackTitle "FM"]
[WhiteElo "2306"]
[BlackElo "2240"]
[WhiteFideId "21858110"]
[BlackFideId "4157354"]
[EventDate "2025.08.26"]

1. g3 Nf6 2. Bg2 g6 3. e4 e5 4. Nc3 Bg7 5. Nge2 O-O 6. d3 c6 7. O-O d5 8. f4
Qb6+ 9. Kh1 Ng4 10. Qe1 dxe4 11. Nxe4 Ne3 12. Bxe3 Qxe3 13. N2c3 exf4 14. Rxf4
Qxe1+ 15. Rxe1 Nd7 16. Nd6 Be5 17. Nxc8 Raxc8 18. Rfe4 Bg7 19. Re7 Nc5 20. Bh3
Rb8 21. Kg2 Bf6 22. R7e2 Kg7 23. Kf2 a5 24. Bg2 Bd4+ 25. Kf1 f5 26. Nd1 f4 27.
Re7+ Kh6 28. g4 f3 29. Bh1 Kg5 30. c3 Bf6 31. R7e5+ Bxe5 32. Rxe5+ Kxg4 33. Rxc5
Rbe8 34. Nf2+ Kf4 35. Rc4+ Ke3 36. Ke1 h5 37. Rd4 g5 38. Nd1# 1-0

[Event "Titled Tue 26th Aug Early"]
[Site "chess.com INT"]
[Date "2025.08.26"]
[Round "3"]
[White "Salasan, Haran"]
[Black "Shearsby, Jude"]
[Result "0-1"]
[WhiteTitle "CM"]
[BlackTitle "CM"]
[WhiteElo "2059"]
[BlackElo "2270"]
[WhiteFideId "3221253"]
[BlackFideId "462527"]
[EventDate "2025.08.26"]

1. d4 Nc6 2. Nf3 d6 3. c4 Nf6 4. Nc3 g6 5. e4 Bg7 6. Be2 O-O 7. h3 e5 8. Be3 Re8
9. d5 Nd4 10. Nxd4 exd4 11. Qxd4 Nxe4 12. Qd3 Bf5 13. Nxe4 Bxe4 14. Qd2 Bxg2 15.
Rh2 Be4 16. O-O-O Bf5 17. h4 h5 18. Rg1 Qf6 19. Bd1 a6 20. Bg5 Qe5 21. Bf4 Qe4
22. Bc2 Qxc4 23. f3 Bxc2 24. Qxc2 Qxf4+ 25. Kb1 Re7 26. Rhg2 Rae8 27. a3 Qxf3
28. Qc4 Re1+ 29. Ka2 b5 30. Qxc7 Qxd5+ 31. b3 Rxg1 32. Rxg1 Re2+ 33. Kb1 Qxb3+
34. Kc1 Qb2+ 35. Kd1 Qd2# 0-1